Countries with the Most Wolves - Statistics

General Stats
  • This quiz has been taken 17 times
  • The average score is 41 of 46
Answer Stats
Hint Answer % Correct
60,000 Canada
100%
13,000 China
100%
650 Germany
100%
1,500 Iran
100%
115 Iraq
100%
2,000 Italy
100%
100 Norway
100%
2,500 Poland
100%
70,000 Russia
100%
13,000 United States
100%
2,000 Belarus
94%
250 Finland
94%
600 France
94%
1,020 Greece
94%
2,000 India
94%
600 Latvia
94%
20,000 Mongolia
94%
500 Serbia
94%
400 Slovakia
94%
3,000 Spain
94%
480 Sweden
94%
2,000 Ukraine
94%
400 Bosnia
88%
1,200 Bulgaria
88%
200 Croatia
88%
20 Czech Republic
88%
220 Denmark
88%
210 Estonia
88%
14,500 Kazakhstan
88%
2,000 Kyrgyzstan
88%
400 Lithuania
88%
300 Portugal
88%
2,500 Romania
88%
60 Slovenia
88%
20 Switzerland
88%
5,300 Tajikistan
88%
1,500 Uzbekistan
88%
1,000 Turkmenistan
81%
250 Albania
75%
250 Hungary
75%
200 Syria
75%
150 Israel
69%
1,000 North Macedonia
69%
60 Lebanon
63%
250 Jordan
56%
600 Saudi Arabia
56%
No matching quizzes found
Score Distribution
Percent of People with Each Score
Percentile by Number Answered
Your Score History
You have not taken this quiz